000 00441nam a2200133Ia 4500
008 231129s2007||||xx |||||||||||||| ||spa||
020 _a978-958-44-1322-2
082 _aER- 292
100 _aGil Montoya Rigoberto y Acevedo T. ílvaro
245 0 _aMiguel ílvarez de los Rí­os. Forma y estilo del periodismo literario
260 _c2007
264 _aBogotá: Panamericana 2007
942 _2ddc
_cBKS
999 _c21203
_d21203